<?xml version="1.0" encoding="UTF-8"?>
<record
    xmlns:xsi="http://www.w3.org/2001/XMLSchema-instance"
    xsi:schemaLocation="http://www.loc.gov/MARC21/slim http://www.loc.gov/standards/marcxml/schema/MARC21slim.xsd"
    xmlns="http://www.loc.gov/MARC21/slim">

  <leader>01015nam2a22002411  4500</leader>
  <controlfield tag="001">rc\4398031</controlfield>
  <controlfield tag="005">20250612072131.0</controlfield>
  <datafield tag="035" ind1=" " ind2=" ">
    <subfield code="a">(NLR Aleph) 008556989</subfield>
  </datafield>
  <datafield tag="090" ind1=" " ind2=" ">
    <subfield code="a">8441923</subfield>
    <subfield code="c">8441923</subfield>
  </datafield>
  <datafield tag="100" ind1=" " ind2=" ">
    <subfield code="a">20130416d1962    |||y0rusy50      ca</subfield>
  </datafield>
  <datafield tag="101" ind1="1" ind2=" ">
    <subfield code="a">rus</subfield>
    <subfield code="c">kir</subfield>
  </datafield>
  <datafield tag="102" ind1=" " ind2=" ">
    <subfield code="a">RU</subfield>
  </datafield>
  <datafield tag="105" ind1=" " ind2=" ">
    <subfield code="a">a   z   |||||</subfield>
  </datafield>
  <datafield tag="200" ind1="0" ind2=" ">
    <subfield code="a">[&#x41A;&#x43D;. 1</subfield>
    <subfield code="f">&#x41F;&#x435;&#x440;. &#x412;.&#x41F;. &#x413;&#x43E;&#x440;&#x44F;&#x447;&#x438;&#x445;]</subfield>
  </datafield>
  <datafield tag="210" ind1=" " ind2=" ">
    <subfield code="a">&#x424;&#x440;&#x443;&#x43D;&#x437;&#x435;</subfield>
    <subfield code="c">&#x41A;&#x438;&#x440;&#x433;&#x438;&#x437;&#x433;&#x43E;&#x441;&#x438;&#x437;&#x434;&#x430;&#x442;</subfield>
    <subfield code="d">1962]</subfield>
  </datafield>
  <datafield tag="215" ind1=" " ind2=" ">
    <subfield code="a">412 &#x441;.</subfield>
    <subfield code="c">&#x438;&#x43B;.</subfield>
  </datafield>
  <datafield tag="461" ind1=" " ind2="0">
    <subfield code="1">001rc\4398030</subfield>
    <subfield code="1">2001#$a&#x41A;&#x430;&#x43D;&#x44B;&#x431;&#x435;&#x43A;$e[&#x420;&#x43E;&#x43C;&#x430;&#x43D;$e&#x41F;&#x435;&#x440;. &#x441; &#x43A;&#x438;&#x440;&#x433;.$f&#x418;&#x43B;.: &#x41B;.&#x410;. &#x418;&#x43B;&#x44C;&#x438;&#x43D;&#x430;. &#x41A;&#x43D;. 1-2$v[&#x41A;&#x43D;. 1</subfield>
    <subfield code="1">700#1$a&#x414;&#x436;&#x430;&#x43D;&#x442;&#x43E;&#x448;&#x435;&#x432;$b&#x41A;.$f1904-1968$g&#x41A;&#x430;&#x441;&#x44B;&#x43C;&#x430;&#x43B;&#x44B;</subfield>
    <subfield code="9">8441919</subfield>
    <subfield code="a">&#x414;&#x436;&#x430;&#x43D;&#x442;&#x43E;&#x448;&#x435;&#x432;, &#x41A;. (1904-1968)</subfield>
    <subfield code="c">&#x424;&#x440;&#x443;&#x43D;&#x437;&#x435;</subfield>
    <subfield code="d">1962]</subfield>
    <subfield code="f">&#x418;&#x43B;.: &#x41B;.&#x410;. &#x418;&#x43B;&#x44C;&#x438;&#x43D;&#x430;. &#x41A;&#x43D;. 1-2</subfield>
    <subfield code="n">&#x41A;&#x438;&#x440;&#x433;&#x438;&#x437;&#x433;&#x43E;&#x441;&#x438;&#x437;&#x434;&#x430;&#x442;</subfield>
    <subfield code="o">[&#x420;&#x43E;&#x43C;&#x430;&#x43D; : &#x41F;&#x435;&#x440;. &#x441; &#x43A;&#x438;&#x440;&#x433;.</subfield>
    <subfield code="p">2 &#x442;.</subfield>
    <subfield code="t">&#x41A;&#x430;&#x43D;&#x44B;&#x431;&#x435;&#x43A;</subfield>
    <subfield code="v">[&#x41A;&#x43D;. 1</subfield>
  </datafield>
  <datafield tag="702" ind1=" " ind2="1">
    <subfield code="a">&#x413;&#x43E;&#x440;&#x44F;&#x447;&#x438;&#x445;</subfield>
    <subfield code="b">&#x412;.&#x41F;.</subfield>
    <subfield code="4">730</subfield>
  </datafield>
  <datafield tag="801" ind1=" " ind2="0">
    <subfield code="a">RU</subfield>
    <subfield code="b">NLR</subfield>
    <subfield code="g">psbo</subfield>
  </datafield>
  <datafield tag="801" ind1=" " ind2="1">
    <subfield code="a">RU</subfield>
    <subfield code="b">ELAR</subfield>
    <subfield code="2">rusmarc</subfield>
  </datafield>
  <datafield tag="852" ind1=" " ind2=" ">
    <subfield code="a">NLR</subfield>
    <subfield code="j">62-3/1576</subfield>
  </datafield>
  <datafield tag="942" ind1=" " ind2=" ">
    <subfield code="c">BOOK</subfield>
  </datafield>
  <datafield tag="980" ind1=" " ind2=" ">
    <subfield code="a">NB</subfield>
  </datafield>
  <datafield tag="995" ind1=" " ind2=" ">
    <subfield code="5">2013-10-26</subfield>
    <subfield code="b">NLR01</subfield>
    <subfield code="c">NLR01</subfield>
    <subfield code="e">RF31</subfield>
    <subfield code="f">8556989-10</subfield>
    <subfield code="k">62-3/1576</subfield>
    <subfield code="o">0</subfield>
    <subfield code="r">BOOK</subfield>
    <subfield code="s">6231576_</subfield>
  </datafield>
</record>
